[Event "EU-Cup 38th"]
[Site "Durres"]
[Date "2023.10.02"]
[Round "2.6"]
[White "Lupulescu, Constantin"]
[Black "Bator, Robert"]
[Result "1-0"]
[WhiteElo "2581"]
[BlackElo "2342"]
[PlyCount "79"]
[EventDate "2023.10.01"]
[EventType "team-swiss"]
[EventRounds "7"]
[EventCountry "ALB"]
[SourceTitle "CBM 216 Extra"]
[Source "ChessBase"]
[SourceDate "2023.11.30"]
[SourceVersion "1"]
[SourceVersionDate "2023.11.30"]
[SourceQuality "1"]
[WhiteTeam "Superchess"]
[BlackTeam "Umea Rockaden"]
[WhiteTeamCountry "ROU"]
[BlackTeamCountry "SWE"]

1. d4 d5 2. c4 e6 3. Nc3 Nf6 4. cxd5 exd5 5. Bg5 Be7 6. e3 0-0 7. Bd3 h6 8. Bh4 c6 9. Nge2 a5 10. 0-0 b5 11. f3 b4 12. Na4 Nfd7 13. Bf2 c5 14. dxc5 Nxc5 15. Nxc5 Bxc5 16. Nf4 Bb7 17. Bc2 Ra6 18. Qd3 g6 19. Bb3 Rd6 20. Rfd1 Na6 21. Rac1 Qa8 22. h4 Rfd8 23. h5 g5 24. Ne2 Qa7 25. Bc2 f5 26. Qxf5 Bc8 27. Qd3 g4 28. Nf4 g3 29. Bxg3 Bxe3+ 30. Kh2 Bxc1 31. Rxc1 Qg7 32. Ng6 Re6 33. Bb3 Bb7 34. Qf5 Qf6 35. Qg4 Rc6 36. Ne7+ Kf8 37. Bh4 Qd6+ 38. f4 Qe6 39. Ng6+ Ke8 40. Re1 1-0

[Event "SWE-chT 2122 Elite"]
[Site "Sweden"]
[Date "2022.03.18"]
[Round "3.4"]
[White "Bator, Robert"]
[Black "Nowen, Linus"]
[Result "1-0"]
[WhiteElo "2356"]
[BlackElo "1599"]
[PlyCount "75"]
[EventDate "2021.12.03"]
[EventType "team-tourn"]
[EventRounds "9"]
[EventCountry "SWE"]
[SourceTitle "EXT 2023"]
[Source "ChessBase"]
[SourceDate "2022.10.05"]
[SourceVersion "1"]
[SourceVersionDate "2022.10.05"]
[SourceQuality "1"]
[WhiteTeam "Stockholm Rockaden"]
[BlackTeam "Pelaro Alingsas"]
[WhiteTeamCountry "SWE"]
[BlackTeamCountry "SWE"]

1. e4 Nf6 2. e5 Nd5 3. d4 d6 4. Nf3 g6 5. exd6 cxd6 6. g3 Bg7 7. Bg2 0-0 8. 0-0 Nc6 9. c3 h6 10. Na3 Bd7 11. h3 Rc8 12. Kh2 a6 13. Nh4 Nb6 14. Be3 Qc7 15. Rc1 Kh7 16. d5 Ne5 17. b3 g5 18. Nf3 f5 19. Nxe5 dxe5 20. c4 f4 21. Be4+ Kh8 22. Bd2 Qd6 23. b4 Qf6 24. c5 Na8 25. g4 Nc7 26. Qf3 Nb5 27. Nxb5 Bxb5 28. Rfe1 h5 29. Bc3 Bd7 30. Bc2 hxg4 31. hxg4 Kg8 32. Kg2 e4 33. Bxe4 Qf7 34. d6 Bxc3 35. Rxc3 Be6 36. dxe7 Qxe7 37. Bxb7 Qf7 38. Rxe6 1-0

[Event "SWE-chT Lag SM"]
[Site "Stockholm"]
[Date "2021.10.24"]
[Round "3.1"]
[White "Olund, Joar"]
[Black "Bator, Robert"]
[Result "1/2-1/2"]
[WhiteElo "2350"]
[BlackElo "2356"]
[PlyCount "83"]
[EventDate "2021.10.22"]
[EventType "team-tourn"]
[EventRounds "3"]
[EventCountry "SWE"]
[SourceTitle "CBM 204 Extra"]
[Source "ChessBase"]
[SourceDate "2021.11.30"]
[SourceVersion "1"]
[SourceVersionDate "2021.11.30"]
[SourceQuality "1"]
[WhiteTeam "Stockholm SS"]
[BlackTeam "Stockholm Rochaden"]
[WhiteTeamCountry "SWE"]
[BlackTeamCountry "SWE"]

1. d4 d5 2. Bf4 c6 3. e3 Qb6 4. Qc1 Bf5 5. c4 e6 6. Nc3 Nf6 7. Nf3 h6 8. h3 Qd8 9. Qd1 Bd6 10. Bxd6 Qxd6 11. Qb3 Qe7 12. Be2 Ne4 13. 0-0 0-0 14. Rac1 Nd6 15. c5 Ne4 16. Nxe4 Bxe4 17. Ne5 Qc7 18. Bd3 Bxd3 19. Qxd3 Nd7 20. f4 f6 21. Ng6 Rfe8 22. b4 Nf8 23. Nh4 b5 24. cxb6 Qxb6 25. Rb1 Rec8 26. Rfc1 a5 27. b5 cxb5 28. Rxc8 Rxc8 29. Rxb5 Rc1+ 30. Kh2 Qc7 31. Rb1 Rxb1 32. Qxb1 g5 33. Nf3 gxf4 34. e4 Qh7 35. Nd2 dxe4 36. Nxe4 Qf5 37. Qd3 Nh7 38. Nc5 Qxd3 39. Nxd3 Ng5 40. Nxf4 Kf7 41. Ne2 Ne4 42. g4 1/2-1/2

[Event "Leon Blitz op 34th"]
[Site "Chess.com INT"]
[Date "2021.07.07"]
[Round "7"]
[White "Bator, Robert"]
[Black "Szente Varga, Fruzsina"]
[Result "1-0"]
[WhiteElo "2356"]
[BlackElo "2100"]
[PlyCount "109"]
[EventDate "2021.07.07"]
[EventType "swiss (blitz)"]
[EventRounds "14"]
[EventCountry "ESP"]
[SourceTitle "CBM 203 Extra"]
[Source "ChessBase"]
[SourceDate "2021.09.30"]
[SourceVersion "1"]
[SourceVersionDate "2021.09.30"]
[SourceQuality "1"]

1. e4 e5 2. Nf3 Nc6 3. Bc4 Bc5 4. d3 Nf6 5. 0-0 0-0 6. h3 h6 7. a4 d6 8. c3 a5 9. Re1 Be6 10. Bxe6 fxe6 11. d4 exd4 12. cxd4 Bb4 13. Nc3 d5 14. e5 Bxc3 15. bxc3 Ne4 16. Re3 Ne7 17. Nd2 Nf5 18. Rf3 Ng5 19. Rf4 c5 20. Ba3 b6 21. dxc5 bxc5 22. Bxc5 Rf7 23. h4 Nh7 24. g3 Qc7 25. Bd4 Raf8 26. Rg4 Nxd4 27. cxd4 Rxf2 28. Qe1 Qc2 29. Rd1 h5 30. Rf4 R2xf4 31. gxf4 Rxf4 32. Nf1 Rg4+ 33. Ng3 Qxa4 34. Rd3 Qc4 35. Qd2 g5 36. Kh2 Rxh4+ 37. Kg2 Rg4 38. Kh3 a4 39. Nxh5 Rh4+ 40. Kg3 Rxh5 41. Rc3 Qa6 42. Qc1 Rh4 43. Rc8+ Kg7 44. Rc7+ Kh6 45. Rxh7+ Kxh7 46. Qxg5 Qd3+ 47. Kxh4 Qxd4+ 48. Kh3 Qd3+ 49. Kh2 Qg6 50. Qe7+ Kh6 51. Qf8+ Kg5 52. Qa8 Qc2+ 53. Kg3 Kf5 54. Qf8+ Kxe5 55. Qf4# 1-0

[Event "SWE-chT 1920 Elite"]
[Site "Sweden"]
[Date "2020.10.19"]
[Round "8.2"]
[White "Bator, Robert"]
[Black "Arman, Deniz"]
[Result "0-1"]
[WhiteElo "2360"]
[BlackElo "2333"]
[PlyCount "42"]
[EventDate "2019.10.18"]
[EventType "team-tourn"]
[EventRounds "9"]
[EventCountry "SWE"]
[SourceTitle "EXT 2022"]
[Source "ChessBase"]
[SourceDate "2021.10.06"]
[SourceVersion "1"]
[SourceVersionDate "2021.10.06"]
[SourceQuality "1"]
[WhiteTeam "Stockholm Rockaden"]
[BlackTeam "Stockholm CC"]
[WhiteTeamCountry "SWE"]
[BlackTeamCountry "SWE"]

1. Nf3 c5 2. c4 Nc6 3. Nc3 e5 4. e3 Nf6 5. d4 cxd4 6. exd4 e4 7. Ne5 Bb4 8. a3 Bxc3+ 9. bxc3 Qa5 10. Nxc6 dxc6 11. Qb3 0-0 12. Be2 Qf5 13. h3 Qg6 14. g3 b5 15. cxb5 Be6 16. c4 cxb5 17. Qxb5 e3 18. 0-0 Bxh3 19. Kh2 Bxf1 20. Bxf1 Ng4+ 21. Kg2 Qe4+ 0-1

[Event "SWE-chT 1920 Elite"]
[Site "Sweden"]
[Date "2020.10.18"]
[Round "7.3"]
[White "Berg, Emanuel"]
[Black "Bator, Robert"]
[Result "1-0"]
[WhiteElo "2536"]
[BlackElo "2360"]
[PlyCount "89"]
[EventDate "2019.10.18"]
[EventType "team-tourn"]
[EventRounds "9"]
[EventCountry "SWE"]
[SourceTitle "CBM 199 Extra"]
[Source "ChessBase"]
[SourceDate "2021.01.31"]
[SourceVersion "1"]
[SourceVersionDate "2021.01.31"]
[SourceQuality "1"]
[WhiteTeam "Wasa"]
[BlackTeam "Stockholm Rockaden"]
[WhiteTeamCountry "SWE"]
[BlackTeamCountry "SWE"]

1. e4 c5 2. Nf3 Nc6 3. d4 cxd4 4. Nxd4 e5 5. Nb5 d6 6. c4 Be7 7. N1c3 a6 8. Na3 h6 9. Nc2 Nf6 10. Be2 0-0 11. Be3 Be6 12. 0-0 Ne8 13. Nd5 Bg5 14. Bb6 Qd7 15. a4 Bd8 16. Be3 Nf6 17. f3 Nh7 18. Qd2 Rb8 19. Rfd1 Bg5 20. a5 Bxe3+ 21. Qxe3 Ne7 22. Nb6 Qc7 23. Rd2 Rbd8 24. Rad1 f5 25. b4 Nf6 26. exf5 Nxf5 27. Qd3 Kh8 28. Bf1 Qf7 29. Qe2 Qc7 30. Qe1 Rfe8 31. Bd3 Ne7 32. Ne3 Bg8 33. Bb1 Nc6 34. Nf5 d5 35. cxd5 Nxb4 36. Rc1 Qf7 37. d6 Nc6 38. d7 Rf8 39. Nd6 Qh5 40. Nxb7 Nd4 41. Nxd8 Rxd8 42. Rxd4 exd4 43. Rc8 d3 44. Rxd8 Qc5+ 45. Kh1 1-0

[Event "SWE-chT 1920 Elite"]
[Site "Sweden"]
[Date "2019.10.19"]
[Round "2.1"]
[White "Gonzalez, Emilio"]
[Black "Bator, Robert"]
[Result "1/2-1/2"]
[WhiteElo "1936"]
[BlackElo "2360"]
[PlyCount "77"]
[EventDate "2019.10.18"]
[EventType "team-tourn"]
[EventRounds "9"]
[EventCountry "SWE"]
[SourceTitle "CBM 192 Extra"]
[Source "Chessbase"]
[SourceDate "2019.11.06"]
[SourceVersion "1"]
[SourceVersionDate "2019.11.06"]
[SourceQuality "1"]
[WhiteTeam "Vaxjo"]
[BlackTeam "Stockholm Rockaden"]
[WhiteTeamCountry "SWE"]
[BlackTeamCountry "SWE"]

1. c4 c6 2. g3 d5 3. Nf3 Nf6 4. Bg2 Bg4 5. 0-0 e6 6. cxd5 exd5 7. Qb3 Qb6 8. Qc2 Bd6 9. d3 0-0 10. Be3 Qa6 11. Nc3 h6 12. a3 Bf5 13. Bd4 Nbd7 14. e4 dxe4 15. Nxe4 Be7 16. Rfe1 Nd5 17. b4 Rfd8 18. Qb2 Bf8 19. Bf1 b6 20. Rac1 Rac8 21. Ne5 Nxe5 22. Bxe5 Qb7 23. Bg2 Qd7 24. Nc3 f6 25. Nxd5 cxd5 26. Bf4 Rxc1 27. Rxc1 Bxd3 28. Rc7 Qe6 29. Qd2 Bf5 30. Qd4 a5 31. Be3 axb4 32. axb4 Qd6 33. Qxb6 d4 34. Rc6 Qxb4 35. Qxd8 Qe1+ 36. Bf1 dxe3 37. Qd5+ Kh8 38. Qxf5 e2 39. Qh3 1/2-1/2

[Event "SWE-chT 1819 Elite"]
[Site "Sweden"]
[Date "2019.03.09"]
[Round "6"]
[White "Ernst, Thomas"]
[Black "Bator, Robert"]
[Result "1/2-1/2"]
[WhiteElo "2321"]
[BlackElo "2384"]
[PlyCount "50"]
[EventDate "2018.11.09"]
[EventType "team-tourn"]
[EventRounds "9"]
[EventCountry "SWE"]
[SourceTitle "EXT 2021"]
[Source "ChessBase"]
[SourceDate "2020.10.23"]
[SourceVersion "1"]
[SourceVersionDate "2020.10.23"]
[SourceQuality "1"]
[WhiteTeam "Farsta"]
[BlackTeam "Stockholm Rockaden"]
[WhiteTeamCountry "SWE"]
[BlackTeamCountry "SWE"]

1. d4 d5 2. c4 c6 3. Nf3 Nf6 4. Nc3 a6 5. c5 Bf5 6. Qb3 Qc8 7. h3 Nbd7 8. Bf4 e6 9. e3 Be7 10. Be2 Bd8 11. 0-0 Bc7 12. Qd1 0-0 13. Bxc7 Qxc7 14. Nh4 Be4 15. Nxe4 dxe4 16. g3 Nd5 17. Ng2 e5 18. Rc1 Rad8 19. Qa4 f5 20. dxe5 g5 21. e6 Ne5 22. g4 Nf3+ 23. Bxf3 exf3 24. Ne1 Nxe3 25. Qb3 Nd5 1/2-1/2

[Event "SWE-chT 1819 Elite"]
[Site "Sweden"]
[Date "2018.11.10"]
[Round "2.2"]
[White "Bator, Robert"]
[Black "Gajic, Mladen"]
[Result "1/2-1/2"]
[WhiteElo "2384"]
[BlackElo "2306"]
[PlyCount "46"]
[EventDate "2018.11.09"]
[EventType "team-tourn"]
[EventRounds "9"]
[EventCountry "SWE"]
[SourceTitle "CBM 187 Extra"]
[Source "ChessBase"]
[SourceDate "2018.11.04"]
[SourceVersion "1"]
[SourceVersionDate "2018.11.04"]
[SourceQuality "1"]
[WhiteTeam "Stockholm Rockaden"]
[BlackTeam "Eksjo"]
[WhiteTeamCountry "SWE"]
[BlackTeamCountry "SWE"]

1. c4 g6 2. g3 Bg7 3. Bg2 c5 4. Nc3 Nc6 5. Rb1 e6 6. a3 Nge7 7. e4 0-0 8. Nge2 a5 9. 0-0 d6 10. d3 e5 11. Bd2 Be6 12. Nd5 Nd4 13. b4 axb4 14. axb4 Nxe2+ 15. Qxe2 b6 16. Nxe7+ Qxe7 17. Bc3 Ra3 18. Qb2 Rfa8 19. Ra1 Qa7 20. b5 Rxa1 21. Rxa1 Qxa1+ 22. Qxa1 Rxa1+ 23. Bxa1 Bf6 1/2-1/2

[Event "SWE-chT 1718 Elite"]
[Site "Sweden"]
[Date "2018.03.17"]
[Round "8.2"]
[White "Gajic, Mladen"]
[Black "Bator, Robert"]
[Result "1/2-1/2"]
[WhiteElo "2296"]
[BlackElo "2401"]
[PlyCount "79"]
[EventDate "2017.10.20"]
[EventType "team-tourn"]
[EventRounds "9"]
[EventCountry "SWE"]
[SourceTitle "EXT 2019"]
[Source "ChessBase"]
[SourceDate "2018.10.10"]
[SourceVersion "1"]
[SourceVersionDate "2018.10.10"]
[SourceQuality "1"]
[WhiteTeam "Eksjo"]
[BlackTeam "Stockholm Rockaden"]
[WhiteTeamCountry "SWE"]
[BlackTeamCountry "SWE"]

1. d4 d5 2. c4 c6 3. cxd5 cxd5 4. Nc3 Nf6 5. f3 Qb6 6. e4 dxe4 7. fxe4 e5 8. Bb5+ Nc6 9. d5 Bb4 10. Qd3 a6 11. Ba4 Qa5 12. Bd1 Nd4 13. Bd2 Nb5 14. Rc1 Nxc3 15. Bxc3 Bd7 16. a3 Bxc3+ 17. Rxc3 Rc8 18. b4 Qb6 19. Rxc8+ Bxc8 20. Ba4+ Bd7 21. Bxd7+ Nxd7 22. Nf3 0-0 23. Ke2 Rc8 24. Rd1 a5 25. Rb1 axb4 26. Rxb4 Qg6 27. Kf2 h6 28. g3 Nc5 29. Qe3 f5 30. Nxe5 Qh5 31. Kg2 Nxe4 32. Rb2 Re8 33. Qf3 Qxf3+ 34. Nxf3 Rd8 35. Rxb7 Rxd5 36. a4 Ra5 37. Nd4 Nc5 38. Rb8+ Kh7 39. Rb5 Rxa4 40. Rxc5 1/2-1/2

[Event "SWE-chT 1718 Elite"]
[Site "Sweden"]
[Date "2018.02.24"]
[Round "6"]
[White "Livner, Anders"]
[Black "Bator, Robert"]
[Result "1-0"]
[WhiteElo "2364"]
[BlackElo "2401"]
[PlyCount "49"]
[EventDate "2017.10.20"]
[EventType "team-tourn"]
[EventRounds "9"]
[EventCountry "SWE"]
[SourceTitle "EXT 2019"]
[Source "ChessBase"]
[SourceDate "2018.10.10"]
[SourceVersion "1"]
[SourceVersionDate "2018.10.10"]
[SourceQuality "1"]
[WhiteTeam "Farsta"]
[BlackTeam "Stockholm Rockaden"]
[WhiteTeamCountry "SWE"]
[BlackTeamCountry "SWE"]

1. c4 c6 2. Nf3 d5 3. g3 Bg4 4. Bg2 e6 5. cxd5 Bxf3 6. Bxf3 cxd5 7. 0-0 Nc6 8. d4 Nf6 9. Nc3 Be7 10. e3 0-0 11. Bd2 Qd7 12. Rc1 Rfc8 13. Qe2 a6 14. Rfd1 Rc7 15. Bg2 Rac8 16. Qd3 Na5 17. Qb1 Nc4 18. Be1 h6 19. b3 Na3 20. Qb2 b5 21. Bf1 Ne4 22. Nxe4 Rc2 23. Nc5 R8xc5 24. Qxa3 R5c3 25. Rxc2 1-0

[Event "POL-chT 2nd League"]
[Site "Szklarska Poreba"]
[Date "2017.09.05"]
[Round "4.3"]
[White "Janaszak, Dawid"]
[Black "Bator, Robert"]
[Result "0-1"]
[WhiteElo "2382"]
[BlackElo "2398"]
[PlyCount "62"]
[EventDate "2017.09.02"]
[EventType "team-swiss"]
[EventRounds "9"]
[EventCountry "POL"]
[SourceTitle "CBM 180 Extra"]
[Source "ChessBase"]
[SourceDate "2017.10.06"]
[SourceVersion "1"]
[SourceVersionDate "2017.10.06"]
[SourceQuality "1"]
[WhiteTeam "Ostrow Wielkopolski"]
[BlackTeam "Stara Wies Parnas"]
[WhiteTeamCountry "POL"]
[BlackTeamCountry "POL"]

1. e4 c5 2. Nf3 Nc6 3. Bb5 g6 4. 0-0 Bg7 5. Nc3 Nf6 6. e5 Ng4 7. Bxc6 bxc6 8. Re1 f6 9. exf6 Nxf6 10. d4 cxd4 11. Qxd4 0-0 12. Bg5 h6 13. Bf4 d6 14. Bd2 e5 15. Qc4+ Kh7 16. Rad1 Bg4 17. Qxc6 Rc8 18. Qa6 Bxf3 19. gxf3 Qd7 20. Be3 d5 21. Bxa7 Ra8 22. Nb5 Nh5 23. Re3 d4 24. Kh1 Qh3 25. Ra3 Nf4 26. Rg1 Rf5 27. Rg3 Qf1+ 28. Rg1 Qxf2 29. Bxd4 exd4 30. Qd6 Rxa3 31. Nxd4 Bxd4 0-1

[Event "SWE-chT 1617"]
[Site "Sweden"]
[Date "2017.03.25"]
[Round "8.2"]
[White "Agrest, Inna"]
[Black "Bator, Robert"]
[Result "1-0"]
[WhiteElo "2235"]
[BlackElo "2428"]
[PlyCount "115"]
[EventDate "2016.10.14"]
[EventType "team-tourn"]
[EventRounds "9"]
[EventCountry "SWE"]
[SourceTitle "CBM 177 Extra"]
[Source "ChessBase"]
[SourceDate "2017.04.27"]
[SourceVersion "1"]
[SourceVersionDate "2017.04.27"]
[SourceQuality "1"]
[WhiteTeam "Malmo"]
[BlackTeam "Stockholm Rockaden"]
[WhiteTeamCountry "SWE"]
[BlackTeamCountry "SWE"]

1. e4 c5 2. Nf3 Nc6 3. d4 cxd4 4. Nxd4 e5 5. Nb5 d6 6. c4 Be7 7. N1c3 a6 8. Na3 f5 9. exf5 Bxf5 10. Bd3 Be6 11. Nc2 Nf6 12. Ne3 Qd7 13. 0-0 0-0 14. b3 Rae8 15. Bb2 Bd8 16. Qd2 Bb6 17. Rad1 Ng4 18. Be4 Rd8 19. Ncd5 Ba7 20. Qd3 g6 21. Nxg4 Bxg4 22. Rd2 Nd4 23. b4 Qg7 24. Kh1 Rf7 25. Ne3 Be6 26. Bd5 Bxd5 27. Nxd5 Rdf8 28. f4 Ne6 29. Qe4 Qh6 30. g3 Ng7 31. Re2 Nh5 32. Kg2 g5 33. f5 Nf6 34. Nxf6+ Qxf6 35. c5 dxc5 36. Bxe5 Qc6 37. Qxc6 bxc6 38. Bd6 cxb4 39. Bxf8 Kxf8 40. Re6 Rc7 41. Rc1 c5 42. Rc4 a5 43. Ra6 Rd7 44. Rxa5 Bb6 45. Ra6 Rd6 46. Kf3 Kf7 47. Ke4 Ke7 48. h3 Kd7 49. Ke5 Rc6 50. Ke4 Kc7 51. Ra8 Rh6 52. Rg8 Kc6 53. Rxg5 Kb5 54. Kd5 Rxh3 55. f6 h6 56. f7 Rh2 57. f8Q Rd2+ 58. Ke4 1-0

[Event "SWE-chT 1415 Elite"]
[Site "Sweden"]
[Date "2015.03.21"]
[Round "8.1"]
[White "Bator, Robert"]
[Black "Smith, Axel"]
[Result "0-1"]
[WhiteElo "2432"]
[BlackElo "2479"]
[PlyCount "74"]
[EventDate "2014.11.21"]
[EventType "team-tourn"]
[EventRounds "9"]
[EventCountry "SWE"]
[SourceTitle "EXT 2016"]
[Source "ChessBase"]
[SourceDate "2015.10.08"]
[SourceVersion "1"]
[SourceVersionDate "2015.10.08"]
[SourceQuality "1"]
[WhiteTeam "Stockholm Rockaden"]
[BlackTeam "Lunds"]
[WhiteTeamCountry "SWE"]
[BlackTeamCountry "SWE"]

1. d4 d5 2. Nf3 c5 3. c3 e6 4. Bf4 Nc6 5. e3 Bd6 6. a3 Nf6 7. b4 Bxf4 8. exf4 cxd4 9. cxd4 Ne4 10. Be2 0-0 11. 0-0 Bd7 12. g3 Qe8 13. Bd3 b5 14. Ne5 a5 15. f3 Nd6 16. Nxc6 Bxc6 17. Nd2 Nc4 18. Nxc4 dxc4 19. Bc2 Qd7 20. Kf2 Rfd8 21. Ke3 f6 22. Ke2 Qxd4 23. Qxd4 Rxd4 24. Ke3 Rd7 25. Rad1 axb4 26. Rxd7 Rxa3+ 27. Rd3 cxd3 28. Bxd3 Bd5 29. Rd1 Bc4 30. Kd4 e5+ 31. fxe5 fxe5+ 32. Ke4 Rxd3 33. Rxd3 Bxd3+ 34. Kxd3 Kf7 35. Kc2 Ke6 36. Kb3 Kd5 37. Kxb4 Kd4 0-1

[Event "SWE-chT 1314"]
[Site "Sweden"]
[Date "2014.03.09"]
[Round "9.2"]
[White "Hansen, Sune Berg"]
[Black "Bator, Robert"]
[Result "1/2-1/2"]
[WhiteElo "2564"]
[BlackElo "2406"]
[PlyCount "40"]
[EventDate "2013.11.22"]
[EventType "team-tourn"]
[EventRounds "9"]
[EventCountry "SWE"]
[SourceTitle "EXT 2015"]
[Source "ChessBase"]
[SourceDate "2014.11.20"]
[SourceVersion "1"]
[SourceVersionDate "2014.11.20"]
[SourceQuality "1"]
[WhiteTeam "Lunds"]
[BlackTeam "Stockholm Rockaden"]
[WhiteTeamCountry "SWE"]
[BlackTeamCountry "SWE"]

1. d4 d5 2. c4 c6 3. Nf3 a6 4. Nc3 Nf6 5. Ne5 e6 6. e3 Nbd7 7. f4 c5 8. cxd5 exd5 9. Bd3 b5 10. 0-0 Bb7 11. Qf3 Be7 12. Bd2 b4 13. Ne2 Ne4 14. Rad1 0-0 15. Qh3 Nxe5 16. dxe5 f5 17. exf6 Nxf6 18. Be1 Bc8 19. Bf5 Bxf5 20. Qxf5 Qc8 1/2-1/2

[Event "SWE-chT 1314"]
[Site "Sweden"]
[Date "2014.03.07"]
[Round "7.1"]
[White "Bator, Robert"]
[Black "Hector, Jonny"]
[Result "1-0"]
[WhiteElo "2406"]
[BlackElo "2508"]
[PlyCount "79"]
[EventDate "2013.11.22"]
[EventType "team-tourn"]
[EventRounds "9"]
[EventCountry "SWE"]
[SourceTitle "EXT 2015"]
[Source "ChessBase"]
[SourceDate "2014.11.20"]
[SourceVersion "1"]
[SourceVersionDate "2014.11.20"]
[SourceQuality "1"]
[WhiteTeam "Stockholm Rockaden"]
[BlackTeam "Limhamn"]
[WhiteTeamCountry "SWE"]
[BlackTeamCountry "SWE"]

1. d4 d5 2. Nf3 Nf6 3. c4 c6 4. e3 Bf5 5. Nc3 e6 6. Nh4 Be4 7. f3 Bg6 8. Qb3 Qb6 9. Nxg6 hxg6 10. Bd2 Nbd7 11. g3 g5 12. Qc2 g4 13. f4 g6 14. Be2 Nh5 15. cxd5 cxd5 16. Nb5 Bd6 17. 0-0 f5 18. a4 a5 19. Bxa5 Qxa5 20. Nxd6+ Ke7 21. Nxb7 Qb4 22. Nc5 Rhc8 23. Rfc1 Rab8 24. Bb5 Nxc5 25. dxc5 Nf6 26. c6 Ne4 27. Qe2 Nd2 28. Rc2 Nf3+ 29. Kf1 Qe4 30. c7 Ra8 31. Qd3 Nd2+ 32. Qxd2 Qh1+ 33. Ke2 Qxa1 34. Qc3 Kf7 35. Rc1 Qa2 36. Bd7 Rh8 37. c8Q Raxc8 38. Bxc8 Rxh2+ 39. Kd3 Qxa4 40. Bxe6+ 1-0